Statistics for NCAA Division 2 Colleges and Universities

Click here to take the quiz!

General Stats

  • This quiz has been taken 9 times
  • The average score is 65 of 292

Answer Stats

ConfrenceAnswer% Correct
GLIACGrand Valley State
67%
CACC | GLVCLincoln
67%
Mountain EastWest Virginia State
67%
SIACKentucky State
50%
South AtlanticLincoln Memorial
50%
MIAANorthwest Missouri State
50%
CACCWilmington
50%
South AtlanticWingate
50%
RMACAdams State
33%
SIACAlbany State
33%
South AtlanticAnderson
33%
Peach BeltAugusta
33%
NSICAugustana
33%
Pacific WestAzusa Pacific
33%
CarolinasBelmont Abbey
33%
NSICBemidji State
33%
Pacific WestBiola
33%
PSACBloomsburg of Pennsylvania
33%
CIAABluefield State
33%
CIAABowie State
33%
CCAACal Poly Humboldt
33%
Great MidwestCedarville
33%
SIACCentral State
33%
Pacific WestChaminade of Honolulu
33%
Mountain EastCharleston
33%
Mountain EastConcord
33%
Mountain EastDavis & Elkins
33%
GLVCDrury
33%
PSACEast Stroudsburg of Pennsylvania
33%
Mountain EastFairmont State
33%
CIAAFayetteville State
33%
GLIACFerris State
33%
Mountain EastFrostburg State
33%
Mountain EastGlenville State
33%
CACCGoldey-Beacom
33%
Great MidwestHillsdale
33%
CACCHoly Family
33%
PSACIndiana of Pennsylvania
33%
CIAAJohnson C. Smith
33%
PSACKutztown of Pennsylvania
33%
GLIACLake Superior State
33%
South AtlanticMars Hill
33%
NSICMary
33%
East CoastMercy
33%
PSACMercyhurst
33%
GLIACMichigan Tech
33%
PSACMillersville of Pennsylvania
33%
Gulf SouthMississippi College
33%
GLVCMissouri S&T
33%
MIAAMissouri Southern State
33%
SIACMorehouse
33%
CarolinasMount Olive
33%
GLIACNorthern Michigan
33%
PSACPennsylvania Western at Califronia
33%
PSACPittsburgh at Johnstown
33%
MIAAPittsburg State
33%
GLVCRockhurst
33%
GLIACSaginaw Valley State
33%
SIACSavannah State
33%
CIAAShaw
33%
PSACShepard
33%
PSACShippensburg of Pennsylvania
33%
PSACSlippery Rock of Pennsylvania
33%
RMACSouth Dakota Mines
33%
GLVCSouthwest Baptist
33%
CACCThomas Jefferson
33%
GLVCTruman State
33%
SIACTuskegee
33%
GLVCUM St. Louis
33%
Gulf SouthUnion
33%
GLIACUW Parkside
33%
CIAAVirginia State
33%
MIAAWashburn
33%
GLIAC | NSICWayne State
33%
Gulf SouthWest Alabama
33%
Gulf SouthWest Florida
33%
Mountain EastWest Liberty
33%
RMACWestminster
33%
Lone StarWest Texas A&M
33%
Mountain EastWheeling
33%
CIAAWinston-Salem State
33%
Pacific WestAcademy of Art
17%
Northeast-10Adelphi
17%
GNACAlaksa Anchorage
17%
GNACAlaska Fairbanks
17%
Northeast-10American International
17%
Lone StarAngelo State
17%
Great AmericanArkansas Tech
17%
Great MidwestAshland
17%
Northeast-10Assumption
17%
Gulf SouthAuburn at Montgomery
17%
Sunshine StateBarry
17%
CarolinasBarton
17%
SIACBenedict
17%
Northeast-10Bentley
17%
RMACBlack Hills State
17%
CACCBloomfield
17%
CACCBridgeport
17%
CACCCaldwell
17%
CCAACal Poly Pomona
17%
Lone StarCameron
17%
South AtlanticCarson-Newman
17%
South AtlanticCatawaba
17%
MIAACentral Missouri
17%
MIAACentral Oklahoma
17%
GNACCentral Washington
17%
RMACChadron State
17%
CACCChestnut Hill
17%
CarolinasChowan
17%
Gulf SouthChristian Brothers
17%
CIAAClaflin
17%
SIACClark Atlanta
17%
Peach BeltClayton State
17%
South AtlanticCoker
17%
RMACColorado Christian
17%
RMACColorado Mesa
17%
RMACColorado Mines
17%
Peach BeltColumbus State
17%
Pacific WestConcordia Irvine
17%
NSICConcordia St. Paul
17%
CarolinasConverse
17%
CCAACSU Dominguez Hills
17%
CCAACSU East Bay
17%
CCAACSU Los Angeles
17%
CCAACSU Monterey Bay
17%
RMACCSU Pueblo
17%
CCAACSU San Bernardino
17%
CCAACSU San Marcos
17%
CCAACSU Stanislaus
17%
East CoastDaemen
17%
Lone StarDallas Baptist
17%
GLIACDavenport
17%
Gulf SouthDelta State
17%
East CoastDistrict of Columbia
17%
CACCDominican
17%
Pacific WestDominican of California
17%
East CoastD'Youville
17%
Great AmericanEast Central
17%
Lone StarEastern New Mexico
17%
Sunshine StateEckerd
17%
CIAAElizabeth City State
17%
Sunshine StateEmbry-Riddle
17%
CarolinasEmmanuel
17%
MIAAEmporia State
17%
CarolinasErskine
17%
CACCFelician
17%
Great MidwestFindlay
17%
Peach BeltFlagler
17%
Sunshine StateFlorida Southern
17%
Sunshine StateFlorida Tech
17%
MIAAFort Hayes State
17%
RMACFort Lewis
17%
SIACFort Valley State
17%
CarolinasFrancis Marion
17%
Northeast-10Franklin Pierce
17%
Pacific WestFresno Pacific
17%
PSACGannon
17%
Peach BeltGeorgia College & State
17%
CACCGeorgian Court
17%
Peach BeltGeorgia Southwestern State
17%
Great AmericanHarding
17%
Pacific WestHawai'i Hilo
17%
Pacific WestHawai'i Pacific
17%
Great AmericanHenderson State
17%
GLVCIndianapolis
17%
NSICJamestown
17%
Pacific WestJessup
17%
Great MidwestKentucky Wesleyan
17%
CarolinasKing
17%
Great MidwestLake Eire
17%
Peach BeltLander
17%
SIACLane
17%
Gulf SouthLee
17%
CarolinasLees-McRae
17%
SIACLeMoyne-Owen
17%
South AtlanticLenoir-Rhyne
17%
GLVCLewis
17%
South AtlanticLimestone
17%
CIAALivingstone
17%
PSACLock Haven of Pennsylvania
17%
Lone StarLubbock Christian
17%
Sunshine StateLynn
17%
Great MidwestMalone
17%
PSACMansfield of Pennsylvania
17%
GLVCMaryville
17%
GLVCMcKendree
17%
Pacific WestMenlo
17%
RMACMetropolitan State of Denver
17%
Peach BeltMiddle Georgia State
17%
Lone StarMidwestern State
17%
SIACMiles
17%
NSICMinnesota Crookston
17%
NSICMinnesota State Mankato
17%
NSICMinnesota State Moorhead
17%
NSICMinnestoa Duluth
17%
NSICMinot State
17%
MIAAMissouri Western State
17%
East CoastMolloy
17%
GNACMontana State Billings
17%
Gulf SouthMontevallo
17%
South AtlanticNewberry
17%
Northeast-10New Haven
17%
MIAANewman
17%
RMACNew Mexico Highlands
17%
MIAANortheastern State
17%
NSICNorthern State
17%
Peach BeltNorth Georgia
17%
CarolinasNorth Greenville
17%
Great AmericanNorthwestern Oklahoma State
17%
GNACNorthwest Nazarene
17%
Great MidwestNorthwood
17%
Sunshine StateNova Southeastern
17%
Great MidwestOhio Dominican
17%
Great AmericanOklahoma Baptist
17%
Lone StarOklahoma Christian
17%
Great AmericanOuachita Baptist
17%
Northeast-10Pace
17%
Sunshine StatePalm Beach Atlantic
17%
PSACPennsylvania Western at Clarion
17%
PSACPennsylvania Western at Edinboro
17%
Pacific WestPoint Loma Nazarene
17%
Mountain EastPoint Park
17%
CACCPost
17%
GLIACPurdue Northwest
17%
GLVCQuincy
17%
East CoastQweens
17%
RMACRegis
17%
East CoastRoberts Weslean
17%
MIAARogers State
17%
Sunshine StateRollins
17%
GLIACRoosevelt
17%
Northeast-10Saint Anselm
17%
CIAASaint Augustine's
17%
Lone StarSaint Edward's
17%
Sunshine StateSaint Leo
17%
GNACSaint Martin's
17%
Lone StarSaint Mary's
17%
Northeast-10Saint Micheal's
17%
CCAASan Francisco State
17%
CCAASCU Chino
17%
GNACSeattle Pacific
17%
PSACSeton Hil
17%
CarolinasShorter
17%
GNACSimon Fraser
17%
CCAASonoma State
17%
NSICSouix Falls
17%
Great AmericanSoutheastern Oklahoma State
17%
Great AmericanSouthern Arkansas
17%
Northeast-10Southern Connecticut State
17%
Great AmericanSouthern Nazarene
17%
Northeast-10Southern New Hampshire
17%
CarolinasSouthern Wesleyan
17%
Great AmericanSouthwestern Oklahoma State
17%
NSICSouthwest Minnesota State
17%
SIACSpring Hill
17%
East CoastStaten Island
17%
NSICSt. Cloud State
17%
East CoastSt. Thomas Aquinas
17%
Lone StarSul Ross State
17%
Sunshine StateTampa
17%
Lone StarTexas A&M International
17%
Lone StarTexas A&M Kingsville
17%
Lone StarTexas Woman's
17%
Great MidwestTiffin
17%
Gulf SouthTrevecca Nazarene
17%
South AtlanticTusculum
17%
MIAAUA Fort Smith
17%
Gulf SouthUA Huntsville
17%
Great AmericanUA Monticello
17%
RMACUC Colorado Springs
17%
GLVCUI Springfield
17%
CarolinasUNC Pembroke
17%
MIAAUN Kearney
17%
GLVCUpper Iowa
17%
Great MidwestUrsuline
17%
Peach BeltUSC Aiken
17%
Lone StarUT Permian Basin
17%
South AtlanticUVA Wise
17%
Gulf SouthValdosta State
17%
Pacific WestVanguard
17%
CIAAVirginia Union
17%
Great MidwestWalsh
17%
PSACWest Chester
17%
RMACWestern Colorado
17%
Lone StarWestern New Mexico
17%
GNACWestern Oregon
17%
GNACWestern Washington
17%
GLVCWilliam Jewell
17%
NSICWinona State
17%
CarolinasYoung Harris
17%

Score Distribution

Percentile by Number Answered

Percent of People with Each Score

Your Score History

You have not taken this quiz